KOHA-Header-6

Introduction to company Law (Record no. 2800)

000 -LEADER
fixed length control field 00308nam a2200121Ia 4500
008 - FIXED-LENGTH DATA ELEMENTS--GENERAL INFORMATION
fixed length control field 190902s9999||||xx |||||||||||||| ||und||
020 ## - INTERNATIONAL STANDARD BOOK NUMBER
International Standard Book Number 245-59319-5
100 ## - MAIN ENTRY--PERSONAL NAME
Personal name Nazir hussain shaheen
245 #0 - TITLE STATEMENT
Title Introduction to company Law
260 ## - PUBLICATION, DISTRIBUTION, ETC. (IMPRINT)
Place of publication, distribution, etc Karachi
Name of publisher, distributor, etc Petiwala Book Depot
Date of publication, distribution, etc 2012
300 ## - PHYSICAL DESCRIPTION
Extent 391
942 ## - ADDED ENTRY ELEMENTS (KOHA)
Koha item type Books
Holdings
Withdrawn status Lost status Damaged status Not for loan Permanent Location Date acquired Barcode Date last seen Price effective from Koha item type
        MAJU 2019-09-02 6459 2019-09-02 2019-09-02 Books

Powered by Koha